A GUIDE TO MENTAL HEALTH & PSYCHIATRIC NURSING (Record no. 10962)
[ view plain ]
| 000 -LEADER | |
|---|---|
| fixed length control field | 00332nam a22001457a 4500 |
| 003 - CONTROL NUMBER IDENTIFIER | |
| control field | SGT |
| 082 ## - DEWEY DECIMAL CLASSIFICATION NUMBER | |
| Classification number | 610.7368 |
| Item number | G16S |
| 100 ## - MAIN ENTRY--PERSONAL NAME | |
| Personal name | SREEVANI, R. |
| 245 ## - TITLE STATEMENT | |
| Title | A GUIDE TO MENTAL HEALTH & PSYCHIATRIC NURSING |
| 250 ## - EDITION STATEMENT | |
| Edition statement | 4TH |
| 260 ## - PUBLICATION, DISTRIBUTION, ETC. (IMPRINT) | |
| Place of publication, distribution, etc | INDIA |
| Name of publisher, distributor, etc | JAYPEE |
| Year of Publication | 2016 |
| 300 ## - PAGE DESCRIPTION | |
| No. of Pages | 491 |
| 650 ## - SUBJECT ADDED ENTRY--TOPICAL TERM | |
| Topical term or geographic name as entry element | PSYCHIATRIC |
| 942 ## - ADDED ENTRY ELEMENTS (KOHA) | |
| Source of classification or shelving scheme | Dewey Decimal Classification |
| Koha item type | Books |
| 942 ## - ADDED ENTRY ELEMENTS (KOHA) | |
| -- | 291 |
| Withdrawn status | Lost status | Source of classification or shelving scheme | Damaged status | Not for loan | Collection code | Home library | Current library | Shelving location | Date acquired | Vendor Name | Cost, normal purchase price | SGTU | Bill Number | Total Checkouts | Full call number | Accession No. (Barcode) | Date last seen | Date last borrowed | Bill Date | Koha item type | Total Renewals | Checked out |
|---|---|---|---|---|---|---|---|---|---|---|---|---|---|---|---|---|---|---|---|---|---|---|
| Dewey Decimal Classification | NURSING | SGT Medical Library | SGT Medical Library | Text Book | 16/02/2017 | ABC | 550.00 | SGTU | 7429 | 82 | 610.7368 G16S | FN3461 | 04/12/2024 | 04/12/2024 | 04/11/2016 | Books | ||||||
| Dewey Decimal Classification | NURSING | SGT Medical Library | SGT Medical Library | Text Book | 16/02/2017 | ABC | 550.00 | SGTU | 7429 | 145 | 610.7368 G16S | FN3462 | 23/05/2026 | 23/05/2026 | 04/11/2016 | Books | 1 | 06/06/2026 | ||||
| Dewey Decimal Classification | NURSING | SGT Medical Library | SGT Medical Library | Text Book | 16/02/2017 | ABC | 550.00 | SGTU | 7429 | 107 | 610.7368 G16S | FN3463 | 12/11/2025 | 28/10/2025 | 04/11/2016 | Books | 3 | |||||
| Dewey Decimal Classification | NURSING | SGT Medical Library | SGT Medical Library | Text Book | 16/02/2017 | ABC | 550.00 | SGTU | 7429 | 135 | 610.7368 G16S | FN3464 | 01/06/2026 | 01/06/2026 | 04/11/2016 | Books | 4 | 15/06/2026 | ||||
| Dewey Decimal Classification | NURSING | SGT Medical Library | SGT Medical Library | Text Book | 16/02/2017 | ABC | 550.00 | SGTU | 7429 | 133 | 610.7368 G16S | FN3465 | 21/05/2026 | 21/05/2026 | 04/11/2016 | Books | 8 | 04/06/2026 |